000 00291nam a22001337a 4500
008 210311b ||||| |||| 00| 0 eng d
041 _aeng
080 _23th
_a159.9
082 _23th
_a159.9
100 _a49
101 _aPSI
245 _aPathophysiology
_cCopstead,C.L
942 _2udc
_cBK
999 _c56289
_d56289